| 000 | 00448 a2200121 4500 | ||
|---|---|---|---|
| 001 | ART_38191 | ||
| 005 | 20260410161803.0 | ||
| 008 | 260409a | ||
| 245 | 1 | 0 | _aLa acción concursal de responsabilidad de administradores y terceros y el nuevo Código Civil y Comercial de la Nación |
| 100 | 1 | _aJunyent Bas, Francisco | |
| 700 | 1 | _aFerrero, Luis F. | |
| 773 | 0 |
_tDoctrina Societaria y Concursal _g- Nº 335 (oct. 2015) _wREV4298 |
|
| 999 |
_c20779 _d20779 |
||